Globalizácia a jej vplyv na svetový poistný trh

Globalizácia - vymedzenie pojmu. Etapy globalizácie. Fenomén novej ekonomiky. Globalizácia svetového poistného trhu. Dopady globalizácie na poisťovníctvo. Tendencie k vytváraniu veľkých a vplyvných trhových zoskupení na vznikajúcom globálnom poistnom trhu.

Salvato in:
Dettagli Bibliografici
Autore principale: Krátka, Zuzana, 1968-
Natura: Capitolo di libro
Lingua:slovacco
Soggetti:
Tags: Aggiungi Tag
Nessun Tag, puoi essere il primo ad aggiungerne!!

MARC

LEADER 00000naa$a2200000$$$4500
001 0050415
005 20240502083132.0
041 0 |a slo 
044 |a CZ 
245 1 0 |a Globalizácia a jej vplyv na svetový poistný trh  |c Zuzana Krátka 
520 |a Globalizácia - vymedzenie pojmu. Etapy globalizácie. Fenomén novej ekonomiky. Globalizácia svetového poistného trhu. Dopady globalizácie na poisťovníctvo. Tendencie k vytváraniu veľkých a vplyvných trhových zoskupení na vznikajúcom globálnom poistnom trhu. 
610 2 0 |a globalizácia 
610 2 0 |a trh poistný 
610 2 0 |a trh svetový 
610 2 0 |a fúzie 
610 2 0 |a akvizícia 
610 2 0 |a bankopoisťovne 
610 2 0 |a riadenie rizík 
100 1 |a Krátka, Zuzana, 1968-